Ville européenne à pays °7 - Statistiques

Statistiques générales
  • Ce quiz a été pris 167 fois
  • Le résultat moyen est 11 sur 14
Statistiques - réponses
Ville Pays % Correct
Rouen France
100%
Göteborg Suéde
97%
Augsbourg Allemagne
96%
Rhodes Grece
92%
Iekaterinbourg Russie
92%
Oviedo Espagne
88%
Kharkiv Ukraine
86%
Lublin Pologne
78%
Davos Suisse
76%
Kolding Danemark
73%
Maribor Slovenie
72%
Narva Estonie
56%
Tuzla Bosnie Herzegovine
52%
Shkodër Albanie
50%
Aucun quiz correspondant
Distribution des résultats
% des personnes avec chaque résultat
Percentile par nombre de réponses
Votre historique - résultats
Vous n’avez pas pris ce quiz